| 000 | 00681nam a2200217 i 4500 | ||
|---|---|---|---|
| 001 | 86909 | ||
| 003 | ES-MaACL | ||
| 005 | 20260129170023.0 | ||
| 007 | t| | ||
| 008 | 041216s1952 sp 00110 spa d | ||
| 100 | 1 |
_aKolnai, Aurel. _968528 |
|
| 245 | 1 | 0 |
_aErrores del anticomunismo / _cAurel Kolnai ; [traducción de Salvador Pons]. |
| 260 |
_aMadrid : _bRialp, _c1952 ( _fEstades) |
||
| 300 |
_a167 p. ; _c19 cm. |
||
| 490 | 1 |
_aBiblioteca del pensamiento actual ; _v17 |
|
| 650 | 7 |
_aComunismo _2embne _911211 |
|
| 700 | 1 |
_aPons, Salvador. _993002 |
|
| 830 | 1 |
_aBiblioteca del pensamiento actual _v17 _9181187 |
|
| 852 |
_aES-MaACL _jC-6338 |
||
| 999 |
_c86909 _d86909 |
||